| 000 | 00350nam a2200133Ia 4500 | ||
|---|---|---|---|
| 008 | 220216s9999 xx 000 0 und d | ||
| 100 | _aZuev Yu S | ||
| 245 | 0 | _aCellular rubberrs. A review | |
| 260 |
_bInternational Polymer Science and Technology _c2002 |
||
| 300 | _a62-70 | ||
| 650 | _aCellular rubber | ||
| 650 | _aWear resistance | ||
| 942 | _cJS | ||
| 999 |
_c55255 _d55255 |
||